000 00714nam a2200205Ia 4500
003 OSt
005 20220105122410.0
008 210310s1955 eu fr 000 0 eng d
040 _aCO-JMCR
_cCO-JMCR
041 0 _aeng
082 0 4 _a338.9 /
_bL673t
_223
100 1 _aLewis, W. Arthur,
_918122
_eautor
245 1 4 _aThe theory of economic growth /
_cW. Arthur Lewis
260 _aHomewood :
_bRichard D. Irwin, Inc.,
_c1955.
300 _a453 páginas ;
_c22 cm.
505 0 _aThe will to economize -- Economic institutions -- Knowledge -- Capital -- Population and resources -- Government
650 1 4 _aDesarrollo económico.
_918124
650 2 4 _aDesarrollo económico.
_xIndustrias.
_941838
942 _2ddc
_cBK
999 _c8731
_d8731